00599nam a2200169 a 4500001001000000005001700010008004100027050002200068100002900090245007000119260004200189300001900231651005000250942001100300999001500311952010300326BRCA_140320190320203419.0780615s1969 sp-#---###---#000-0#spa-# 4aPQ6635b.S46 19691 aSender, Ramón J.9458810aJubileo en el Zócalobretablo conmemorativocRamón J. Sender. aEspañabCírculo de lectoresc1969 a237 p.c20 cm. 4aMéxicoxHistoriayConquista, 1519-15409442 2lcccB c1265d1265 00104070aBRCAbBRCAd2008-06-26l0oPQ6635 .S46 1969p01925r2019-03-22 00:00:00w2019-03-22yB